| 000 | 00970nam0a22002411 4500 | ||
|---|---|---|---|
| 001 | rc\3123476 | ||
| 005 | 20260406181425.0 | ||
| 035 | _a(NLR Aleph) 007277780 | ||
| 090 |
_a5477241 _c5477241 |
||
| 100 | _a20120615d1975 |||y0rusy50 ca | ||
| 101 | 0 | _arus | |
| 102 | _aRU | ||
| 105 | _ay z ||||| | ||
| 200 | 1 |
_aОрганизация опорных предприятий по изучению спроса _eПредварит. рекомендации _fЦентросоюз. Центр. науч.-исслед. лаб. по изучению спроса. ЦНИЛС |
|
| 210 |
_aМосква _cБ. и. _d1975 |
||
| 215 |
_a11 с. _d20 |
||
| 712 | 0 | 2 |
_4570 _aЦентральная научно-исследовательская лаборатория по изучению спроса _cМосква _3RU\NLR\AUTH\889946229 _9388028 |
| 801 | 0 |
_aRU _bNLR _gpsbo |
|
| 801 | 1 |
_aRU _bELAR _2rusmarc |
|
| 852 |
_aNLR _j75-4/4524 |
||
| 942 | _cBOOK | ||
| 980 | _aNB | ||